Skip to content
Inicio
Centros participantes
Catálogo
Servicios
Contacto
Login
English
Deutsch
Español
Français
Italiano
日本語
Nederlands
Português
Português (Brasil)
中文(简体)
中文(繁體)
Türkçe
עברית
Gaeilge
Cymraeg
Ελληνικά
Català
Euskara
Русский
Čeština
Suomi
Svenska
polski
Dansk
slovenščina
اللغة العربية
বাংলা
Galego
Tiếng Việt
Hrvatski
हिंदी
Հայերէն
Українська
Sámegiella
Language
All Fields
Title
Author
Subject
Call Number
ISBN/ISSN
Tag
Find
Advanced
La Comuna de Berlín /
Cite this
Email this
Print
Export Record
Export to RefWorks
Export to EndNoteWeb
Export to EndNote
Save to List
Permanent link
Add first rating
La Comuna de Berlín /
Saved in:
Bibliographic Details
Main Author:
Luxemburgo, Rosa
Other Authors:
Liebknecht, Carlos
Format:
Text
Published:
México D.F.:
Grijalbo
Tags:
Add Tag
No Tags, Be the first to tag this record!
Holdings
Description
Comments
Similar Items
Staff View
MARC
LEADER
00000 a a2200000 04500
001
22430
003
040
090
|a
151800
100
|a
Luxemburgo, Rosa
245
|a
La Comuna de Berlín /
|c
Rosa Luxemburgo
260
|a
México D.F.:
|b
Grijalbo
300
|a
157 p.
700
|a
Liebknecht, Carlos
999
|c
12741
|d
12741
Similar Items
El CAEM y la revolución de la fuerza armada /
by: Villanueva, Víctor
Historia de Estados Unidos. La formación de una potencia 1600-1860
by: Degler, Carl N
La política exterior de Costa Rica ante Contadora
by: Araya Montezuma, Andrés
Documentos sobre aspectos institucionales de la integración centroamericana /
Discurso del presidente constitucional de El Salvador, ante la Asamblea General de las Naciones Unidas en su cuadragésimo primer período de sesiones
by: Duarte, José Napoleón